BUBT Library Online Catalog

American Policy towards the Liberation War of Bangladesh in 1971: (Record no. 6963)

000 -LEADER
fixed length control field 00809nam a22002177a 4500
003 - CONTROL NUMBER IDENTIFIER
control field BUBTL
008 - FIXED-LENGTH DATA ELEMENTS--GENERAL INFORMATION
fixed length control field 230306b ||||| |||| 00| 0 eng d
020 ## - INTERNATIONAL STANDARD BOOK NUMBER
International Standard Book Number 9789849319146
082 ## - DEWEY DECIMAL CLASSIFICATION NUMBER
Classification number 954.92/ H929a/ 2018
100 ## - MAIN ENTRY--PERSONAL NAME
9 (RLIN) 5201
Personal name Huque, Mahmudul
245 ## - TITLE STATEMENT
Title American Policy towards the Liberation War of Bangladesh in 1971:
Remainder of title A Collection of Essential Documents /
Statement of responsibility, etc. Mahmudul Huque
250 ## - EDITION STATEMENT
Edition statement 1st Edn
260 ## - PUBLICATION, DISTRIBUTION, ETC. (IMPRINT)
Place of publication, distribution, etc. Dhaka:
Name of publisher, distributor, etc. Asiatic Society Bangladesh,
Date of publication, distribution, etc. c2018
300 ## - PHYSICAL DESCRIPTION
Extent xxxvi, 519 p.:
Dimensions 24.5 cm.
500 ## - GENERAL NOTE
General note Includes Index
505 ## - FORMATTED CONTENTS NOTE
Formatted contents note American Policy towards the Liberation War of Bangladesh in 1971, American Policy, Liberation War of Bangladesh, 1971, Mahmudul Huque
650 #0 - SUBJECT ADDED ENTRY--TOPICAL TERM
9 (RLIN) 4963
Topical term or geographic name as entry element Liberation war
856 ## - ELECTRONIC LOCATION AND ACCESS
Password 0
Logon 0
Link text Download
942 ## - ADDED ENTRY ELEMENTS (KOHA)
Source of classification or shelving scheme
Koha item type Books
Holdings
Withdrawn status Lost status Source of classification or shelving scheme Damaged status Not for loan Collection code Permanent location Current location Shelving location Date acquired Source of acquisition Inventory number Total Checkouts Full call number Barcode Date last seen Copy number Price effective from Koha item type
          Non-fiction Bangladesh University of Business and Technology Library Bangladesh University of Business and Technology Library Historical Books 12/28/2022 Purchase 29236   954.92/ H929a/ 2018 BUBTL-200329236 03/06/2023 C-1 03/06/2023 Books
          Non-fiction Bangladesh University of Business and Technology Library Bangladesh University of Business and Technology Library Historical Books 12/28/2022 Purchase 29237   954.92/ H929a/ 2018 BUBTL-200329237 03/06/2023 C-2 03/06/2023 Books
          Non-fiction Bangladesh University of Business and Technology Library Bangladesh University of Business and Technology Library Historical Books 12/28/2022 Purchase 29238   954.92/ H929a/ 2018 BUBTL-200329238 03/06/2023 C-3 03/06/2023 Books
          Non-fiction Bangladesh University of Business and Technology Library Bangladesh University of Business and Technology Library Historical Books 12/28/2022 Purchase 29239   954.92/ H929a/ 2018 BUBTL-200329239 03/06/2023 C-4 03/06/2023 Books
          Non-fiction Bangladesh University of Business and Technology Library Bangladesh University of Business and Technology Library Historical Books 12/28/2022 Purchase 29240   954.92/ H929a/ 2018 BUBTL-200329240 03/06/2023 C-5 03/06/2023 Books

More Information About Library

Library Hours

  • Open: 9.00 am. to 9.00 pm.
  • Only Sunday: 9.00 am. to 6.00 pm.
  • Closed: Holiday

Contact to the University

Bangladesh University of Business and Technology Library

  • Mirpurl-2, 1216.
  • Phone:
  • Fax:
  • E-Mail: admin.library@bubt.edu.bd

Contact to the Library

Contact Person:

Md. Abdul Hakim Shah
Joint Librarian
PABX No:  113
Cell No: 01816332931
E-mail: official: admin.library@bubt.edu.bd
Personal: hakim.shah@bubt.edu.bd


BUBT Library

Copyright © 2021